All Entities in Escape The Backrooms - Statistics

General Stats
  • This quiz has been taken 56 times
    24 since last reset
  • The average score is 15 of 26
Answer Stats
Answer % Correct
Smiler (Giant)
100%
Smilers (Invisible)
100%
Smiler (Spider)
100%
Skin Stealers
94%
Partygoers
88%
The Howler
88%
Wretches
81%
Hounds
69%
Facelings
63%
Clumps
50%
Female Deathmoths
50%
Kitty
50%
Partypoopers
50%
The Neighborhood Watch
50%
The Scratcher
50%
The Thing on Level 7
50%
Animations
44%
Bone Thief
44%
Male Deathmoths
44%
Windows
44%
The Animated King
38%
Jerry
31%
The Light Head
31%
Aranea Membri
25%
Moai Statue
25%
Party Hosts
25%
No matching quizzes found
Score Distribution
Percent of People with Each Score
Percentile by Number Answered
Your Score History
You have not taken this quiz since the last reset